00497pab a2200157 454500008004000000100001900040245006100059260000900120300001000129362000900139650002500148773003900173909000900212999001500221952010300236180718b1988 xxu||||| |||| 00| 0 eng d aMurashima, Eui aThe origin of modern official state ideology in Thailand c1988 a80-96 aMar. aDemocracy - Thailand aJournal of Southeast Asian Studies a7241 c7241d7241 00104070aIIPAbIIPAd2018-07-19hVolume no: 19, Issue no: 1pAR7251r2018-07-19w2018-07-19yAR